E-theologos
| Autor Corporativo: | |
|---|---|
| Formato: | Electrónico Seriadas |
| Lenguaje: | inglés italiano alemán |
| Publicado: |
Warsaw :
Versita
|
| Materias: | |
| Acceso en línea: | Full text available from Research Library: 01/01/2010 to 01/31/2013 |
MARC
| LEADER | 00000nas a2200000 a 4500 | ||
|---|---|---|---|
| 001 | ssj0000498167 | ||
| 003 | WaSeSS | ||
| 005 | 20200512172242.0 | ||
| 006 | m d | ||
| 007 | cr n | ||
| 008 | 060630c20109999pl fr s 0 a0eng c | ||
| 010 | |a 2012236802 | ||
| 022 | |a 1338-1350 |l 1335-5570 |y 1335-5570 | ||
| 035 | |a (WaSeSS)ssj0000498167 | ||
| 040 | |a WaSeSS |b eng |c CUD |d NOC |d OCLCO |d OCLCQ |d CUS |d OCLCO |d OCLCF |d OCLCO |d OCLCQ |d UAB |d WaSeSS | ||
| 041 | 0 | |a eng |a ita |a ger | |
| 042 | |a pcc | ||
| 050 | 4 | |a BR1 | |
| 210 | 0 | |a E-Theologos | |
| 222 | 0 | |a E-Theologos | |
| 245 | 0 | 0 | |a E-theologos |h [electronic resource]. |
| 246 | 1 | 3 | |a Theological revue of Greek Catholic Theological Faculty |
| 246 | 1 | |a Theologos | |
| 260 | |a Warsaw : |b Versita | ||
| 310 | |a 2 issues a year | ||
| 362 | 1 | |a Began with vol. 1, no. 1 (Apr. 2010). | |
| 506 | |a License restrictions may limit access. | ||
| 538 | |a Mode of access: World Wide Web. | ||
| 546 | |a Articles are published in English, German and Italian. | ||
| 550 | |a Issued by: University of Presov, Greek Catholic Theological Faculty. | ||
| 588 | |a Description based on: Vol. 1, no. 1 (Apr. 2010); title from journal home page (publisher's Web site, viewed Aug. 30, 2011). | ||
| 588 | |a Latest issue consulted: Vol. 3, no. 1 (Apr. 2012) (viewed June 27, 2012). | ||
| 650 | 0 | |a Theology |v Periodicals. | |
| 650 | 0 | |a Religion |v Periodicals. | |
| 650 | 0 | |a Philosophy |v Periodicals. | |
| 650 | 0 | |a History |v Periodicals. | |
| 650 | 7 | |a History. |2 fast |0 (OCoLC)fst00958235 | |
| 650 | 7 | |a Philosophy. |2 fast |0 (OCoLC)fst01060777 | |
| 650 | 7 | |a Religion. |2 fast |0 (OCoLC)fst01093763 | |
| 650 | 7 | |a Theology. |2 fast |0 (OCoLC)fst01149559 | |
| 655 | 0 | |a Electronic journals. | |
| 710 | 2 | |a Prešovská univerzita. |b Gréckokatolícka teologická fakulta. | |
| 776 | 0 | 8 | |i Print version: |t Theologos |x 1335-5570 |
| 856 | 4 | 0 | |z Full text available from Research Library: 01/01/2010 to 01/31/2013 |u https://search.proquest.com/publication/2026490 |